zpět

Detail výsledku týmu

Bar U Souseda, Plzeň

Datum a čas kvízu

26 Celkem bodů Celkový počet nahraných bodů na tomto kvízu bez doplňovacích otázek.
6. Pořadí na kvízu Konečné umístění týmu na tomto kvízu.

Zaznamenané odpovědi

# Otázka Odpověď Body Výsledky
1. Praha plánuje přejmenovat námě... Boris Němcov 0
2. Když policejní oddělení v Seve... Sauron 1
3. Jak se jmenuje 32letý muž, jen... Ben Cristovao 1
4. Svět mobilních telefonů minulý... Blackberry 1
5. Letošní 54. Super Bowl, neboli... Kansas City Chiefs, San Francisco 49ers 0.5
6. Další díl naší cesty kolem svě... Ohio, Oklahoma, Oregon 1
7. Tento americký generál a indiá... George Custer, Sedící býk (Sitting Bull) 1
8. Fakt, že se ve Spojených státe... 1D 2A 3B 4C 0
9. Která řeka "vyřezala" do kraji... A 1
10. Ze Spojených států pochází nep... Katy Perry 1